| 000 | 00849aam a2200301 4500 | ||
|---|---|---|---|
| 005 | 20170316125505.0 | ||
| 008 | 150619b xxu||||| |||| 00| 0 spa d | ||
| 020 | _a9789977654461 | ||
| 041 | _aspa | ||
| 082 | _a657 M798c | ||
| 100 |
_aMontoya Jiménez, Jorge Gerardo _941237 |
||
| 100 |
_aGonzález Sánchez, Edwin _941238 |
||
| 245 | _aContabilidad General: generalidades, conceptos y casos prácticos | ||
| 260 | _aCosta Rica | ||
| 260 | _bEUNA | ||
| 260 | _c2016 | ||
| 300 | _a122 páginas | ||
| 650 |
_aCOSTA RICA _941239 |
||
| 650 |
_aCONTABILIDAD _92655 |
||
| 650 |
_aHIPÓTESIS _9674 |
||
| 650 |
_aESTADOS DE CUENTA _941240 |
||
| 650 |
_aPROCESO CONTABLE _912633 |
||
| 650 |
_aESTADOS FINANCIEROS _965 |
||
| 650 |
_aEMPRESAS COMERCIALES _96898 |
||
| 650 |
_aINVENTARIO _93069 |
||
| 650 |
_aCICLO CONTABLE _92689 |
||
| 942 | _cBK | ||
| 999 |
_c6258 _d6258 |
||